[Event "6. Bayer Open"]
[Site "Leverkusen"]
[Date "2009.04.06"]
[Round "6"]
[White "Hirth, Ulrich"]
[Black "Jiritschka, Wolfgang"]
[Result "1-0"]
[WhiteElo "2089"]
[BlackElo "1847"]
[PlyCount "87"]
[EventDate "2009.??.??"]
[SourceDate "2009.01.13"]

1. d4 Nf6 2. Bf4 d5 3. c4 e6 4. e3 Bd6 5. Bg3 b6 6. Nf3 O-O 7. Nc3 Bb7 8. cxd5
exd5 9. Bd3 Ne4 10. Bxe4 dxe4 11. Nd2 f5 12. Nc4 Nc6 13. Nxd6 cxd6 14. Qb3+ Kh8
15. Qd5 Na5 16. Qxd6 Qxd6 17. Bxd6 Rfd8 18. Bf4 Nc4 19. Nd1 Rac8 20. Kf1 Ba6
21. Kg1 Nd2 22. h4 Rc6 23. h5 Rdc8 24. Nc3 Nc4 25. d5 Rf6 26. b3 Nb2 27. Be5
Rh6 28. Rh3 Nd3 29. Bd4 Kg8 30. a3 Rd6 31. b4 Bc4 32. Rg3 g6 33. hxg6 Rxg6 34.
Rxg6+ hxg6 35. g3 Kf7 36. Kg2 g5 37. g4 f4 38. Rh1 Kg6 39. Rh5 fxe3 40. Bxe3
Nf4+ 41. Bxf4 gxf4 42. Nxe4 Be2 43. Rf5 Bxg4 44. Rg5+ 1-0

[Event "6. Bayer Open"]
[Site "Leverkusen"]
[Date "2009.04.06"]
[Round "6"]
[White "Granz, Thomas"]
[Black "Kies, Werner"]
[Result "0-1"]
[WhiteElo "1651"]
[BlackElo "1916"]
[PlyCount "76"]
[EventDate "2009.??.??"]
[SourceDate "2009.01.13"]

1. e4 c5 2. Nf3 e6 3. Bc4 Nc6 4. d3 a6 5. a4 Qc7 6. Be3 Nf6 7. Nbd2 d5 8. exd5
exd5 9. Bb3 h6 10. c3 Be6 11. O-O Bd6 12. h3 g5 13. Re1 O-O-O 14. Rc1 g4 15.
hxg4 Bxg4 16. Ba2 Rhg8 17. d4 Bh3 18. Nh4 Rxg2+ 19. Nxg2 Rg8 20. Qf3 Bh2+ 21.
Kh1 Bxg2+ 22. Qxg2 Rxg2 23. Kxg2 c4 24. Bxh6 Bf4 25. Bxf4 Qxf4 26. Nf1 Ne4 27.
Rc2 Nd8 28. Ng3 Ng5 29. Re3 Nde6 30. Rc1 Qg4 31. Rh1 Nf4+ 32. Kf1 Qd1+ 33. Re1
Qd3+ 34. Ne2 Ngh3 35. Bb1 Qf3 36. Bf5+ Kb8 37. Bxh3 Qxh1+ 38. Ng1 Nxh3 0-1

[Event "6. Bayer Open"]
[Site "Leverkusen"]
[Date "2009.04.06"]
[Round "6"]
[White "Sockel, Karl-Heinz"]
[Black "Pützkaul, Karl"]
[Result "1/2-1/2"]
[WhiteElo "1932"]
[BlackElo "1821"]
[PlyCount "26"]
[EventDate "2009.??.??"]
[SourceDate "2009.01.13"]

1. d4 Nf6 2. Nf3 d5 3. e3 c5 4. Nbd2 Nbd7 5. Be2 Qc7 6. O-O e5 7. dxe5 Nxe5 8.
c4 Bd6 9. Nxe5 Bxe5 10. Nf3 Be6 11. Qa4+ Bd7 12. Qb3 Bc6 13. cxd5 Bxd5 1/2-1/2

[Event "6. Bayer Open"]
[Site "Leverkusen"]
[Date "2009.04.06"]
[Round "6"]
[White "Schillings, Peter"]
[Black "Schmitz, Andreas"]
[Result "1/2-1/2"]
[WhiteElo "1836"]
[BlackElo "1892"]
[PlyCount "25"]
[EventDate "2009.??.??"]
[SourceDate "2009.01.13"]

1. e4 e6 2. d4 d5 3. Nd2 Nf6 4. e5 Nfd7 5. Bd3 c5 6. c3 Nc6 7. Ne2 a6 8. O-O
Be7 9. Nf3 b5 10. Be3 c4 11. Bc2 Bb7 12. Qd2 Qc7 13. Bg5 1/2-1/2

[Event "6. Bayer Open"]
[Site "Leverkusen"]
[Date "2009.04.06"]
[Round "6"]
[White "Wirtz, Uwe"]
[Black "Birnkott, Manfred"]
[Result "1/2-1/2"]
[WhiteElo "1773"]
[BlackElo "1906"]
[PlyCount "72"]
[EventDate "2009.??.??"]
[SourceDate "2009.01.13"]

1. e4 c5 2. c3 g6 3. d4 cxd4 4. cxd4 d5 5. e5 a6 6. Be2 Nc6 7. Na3 Bg7 8. Nc2
Nh6 9. h3 O-O 10. Nf3 f6 11. exf6 exf6 12. O-O Qb6 13. b3 Bf5 14. Ne3 Be4 15.
Bb2 Ne7 16. Rc1 Rfc8 17. Qd2 Nhf5 18. Rxc8+ Rxc8 19. Rc1 Rxc1+ 20. Qxc1 Bh6 21.
Qc3 Qe6 22. Bc1 Qc6 23. Qxc6 Nxc6 24. Nxf5 Bxc1 25. Nd6 Nd8 26. Nxe4 dxe4 27.
Bc4+ Kg7 28. Ne1 f5 29. Nc2 b5 30. Bd5 Kf6 31. Kf1 Ne6 32. b4 Ke7 33. Bb7 Nc7
34. Ke2 Kd6 35. f3 exf3+ 36. Kxf3 Bd2 1/2-1/2

[Event "6. Bayer Open"]
[Site "Leverkusen"]
[Date "2009.04.06"]
[Round "6"]
[White "Baier, Uwe"]
[Black "Gerdau, Andreas"]
[Result "0-1"]
[WhiteElo "1719"]
[BlackElo "1883"]
[PlyCount "32"]
[EventDate "2009.??.??"]
[SourceDate "2009.01.13"]

1. Nf3 d5 2. d3 Nf6 3. Nbd2 Nc6 4. e4 dxe4 5. dxe4 e5 6. c3 Bc5 7. Qc2 Ng4 8.
Nb3 Bxf2+ 9. Ke2 Be6 10. Ng5 Bb6 11. Nxe6 fxe6 12. h3 O-O 13. Bd2 Rf2+ 14. Ke1
Ne3 15. Qc1 Rxf1+ 16. Rxf1 Nxf1 0-1

[Event "6. Bayer Open"]
[Site "Leverkusen"]
[Date "2009.04.06"]
[Round "6"]
[White "van Kempen, Heinz"]
[Black "Ziabari, Morteza"]
[Result "1/2-1/2"]
[WhiteElo "1707"]
[BlackElo "1840"]
[PlyCount "103"]
[EventDate "2009.??.??"]
[SourceDate "2009.01.13"]

1. e4 d6 2. d4 Nf6 3. Nc3 c6 4. f4 Qa5 5. Bd2 e5 6. fxe5 dxe5 7. dxe5 Qxe5 8.
Nf3 Qc7 9. e5 Ng4 10. Bf4 Qb6 11. Qd2 Bb4 12. h3 Nh6 13. Bxh6 gxh6 14. O-O-O
Be6 15. Nd4 Bxa2 16. Nf5 Bd5 17. Ng7+ Kd8 18. e6 Qa5 19. Qxd5+ cxd5 20. Rxd5+
Ke7 21. Rxa5 Bxa5 22. Nd5+ Kd6 23. e7 Nc6 24. e8=Q Rhxe8 25. Nxe8+ Rxe8 26. Bc4
Kc5 27. Ba2 Rd8 28. c3 Rxd5 29. b4+ Nxb4 30. cxb4+ Bxb4 31. Bxd5 Kxd5 32. Rf1
Ke6 33. Rf4 a5 34. Rh4 Bf8 35. Rc4 b5 36. Rc8 Bd6 37. Kc2 Be5 38. Rc6+ Kd5 39.
Rxh6 a4 40. Rxh7 Ke6 41. Rh4 Bd6 42. Rg4 f5 43. Rg6+ Ke5 44. h4 Bc5 45. h5 b4
46. h6 b3+ 47. Kb2 Bd4+ 48. Ka3 Bc5+ 49. Kxa4 b2 50. h7 b1=Q 51. h8=Q+ Kd5 52.
Qa8+ 1/2-1/2

[Event "6. Bayer Open"]
[Site "Leverkusen"]
[Date "2009.04.06"]
[Round "6"]
[White "Axmann, Michael"]
[Black "Gnass, Arno"]
[Result "1-0"]
[WhiteElo "1687"]
[BlackElo "1685"]
[PlyCount "103"]
[EventDate "2009.??.??"]
[SourceDate "2009.01.13"]

1. d4 d5 2. Nf3 Nf6 3. e3 e6 4. Bd3 Bd6 5. Nbd2 c5 6. c3 Nbd7 7. O-O b6 8. e4
cxd4 9. cxd4 dxe4 10. Nxe4 Bc7 11. Qc2 Bb7 12. Bg5 Rc8 13. Qa4 a6 14. Rfe1 b5
15. Qd1 h6 16. Nxf6+ Nxf6 17. Be3 Ng4 18. h3 Nxe3 19. fxe3 O-O 20. Qe2 {
Weiß bietet Remis an.} Qd6 21. Red1 Qg3 22. Qf2 Rfd8 23. Kf1 Bd5 24. e4 Bb7 25.
Qxg3 Bxg3 26. Ke2 Bf4 27. Rg1 Rd7 28. g3 Bb8 29. g4 Ba7 30. Rgc1 Rxc1 31. Rxc1
f6 32. a4 bxa4 33. Rc4 Rd6 34. Rxa4 Rb6 35. b4 Bb8 36. Ke3 Kf7 37. Nd2 Bd6 38.
Nc4 Rc6 39. d5 exd5 40. exd5 Rc7 41. Nxd6+ Ke7 42. Nxb7 Rxb7 43. Bxa6 Rc7 44.
Kd4 Rc1 45. Ra3 Kd6 46. Re3 Rd1+ 47. Bd3 Rh1 48. Re6+ Kd7 49. Bb5+ Kd8 50. d6
Rd1+ 51. Kc5 Kc8 52. Kb6 1-0

[Event "6. Bayer Open"]
[Site "Leverkusen"]
[Date "2009.04.06"]
[Round "6"]
[White "Schimpf, Rolf"]
[Black "Domnick, Michael"]
[Result "0-1"]
[WhiteElo "1763"]
[BlackElo "1740"]
[PlyCount "92"]
[EventDate "2009.??.??"]
[SourceDate "2009.01.13"]

1. c4 Nf6 2. Nc3 e5 3. e4 Bc5 4. h3 c6 5. g3 a6 6. Bg2 b5 7. d3 b4 8. Na4 Ba7
9. Nf3 d6 10. O-O Bd7 11. b3 a5 12. Qe2 Na6 13. Be3 Bxe3 14. Qxe3 c5 15. Nb2
Nc7 16. Nd2 Ne6 17. f4 Nd4 18. Rac1 a4 19. bxa4 Bxa4 20. Nf3 Nd7 21. Nxd4 cxd4
22. Qd2 Qb6 23. f5 Bc6 24. Ra1 Ra3 25. Qg5 Rg8 26. Qd2 Nc5 27. Rfb1 b3 28. Nd1
Qa7 29. Qb4 Kd7 30. Bf1 Rxa2 31. Rxa2 Qxa2 32. Rb2 Qa1 33. Qd2 Ra8 34. Qe2 Qc1
35. Rd2 Na4 36. Nb2 Nc3 37. Qg2 Ra2 38. c5 Nd1 39. Rxd1 Qxb2 40. Qxb2 Rxb2 41.
cxd6 Kxd6 42. Ra1 Ra2 43. Rb1 Ba4 44. g4 Kc5 45. Rc1+ Rc2 46. Ra1 Kb4 0-1

[Event "6. Bayer Open"]
[Site "Leverkusen"]
[Date "2009.04.06"]
[Round "6"]
[White "Friedsam, Manfred"]
[Black "Witte, Volker"]
[Result "1-0"]
[WhiteElo "1850"]
[BlackElo "1662"]
[PlyCount "57"]
[EventDate "2009.??.??"]
[SourceDate "2009.01.13"]

1. e4 e5 2. Nf3 Nf6 3. Nxe5 d6 4. Nf3 Nxe4 5. d4 d5 6. Bd3 Be7 7. O-O O-O 8.
Re1 f5 9. c4 c6 10. Nc3 Be6 11. Qb3 Qb6 12. Qxb6 axb6 13. cxd5 cxd5 14. Nb5 Na6
15. Bf4 Rfc8 16. a3 Rc6 17. Ne5 Rcc8 18. f3 Nf6 19. Ng6 hxg6 20. Rxe6 Nb4 21.
Bf1 Nc2 22. Rc1 Kf7 23. Re2 Nxd4 24. Nxd4 {Schwarz bietet Remis an.} Bc5 25.
Rd1 Nh5 26. Be3 f4 27. Bf2 Nf6 28. Ne6 Rc6 29. Nxc5 1-0

[Event "6. Bayer Open"]
[Site "Leverkusen"]
[Date "2009.04.06"]
[Round "6"]
[White "Arnold, Bodo"]
[Black "Karwatzki, Hans-Jürgen"]
[Result "1-0"]
[WhiteElo "1705"]
[BlackElo "1674"]
[PlyCount "71"]
[EventDate "2009.??.??"]
[SourceDate "2009.01.13"]

1. e4 e5 2. Nf3 Nc6 3. Bb5 Nf6 4. O-O Bc5 5. d3 d6 6. Bxc6+ bxc6 7. Nc3 a6 8.
Ne2 O-O 9. Ng3 Bg4 10. h3 Be6 11. b3 h6 12. Qe2 Qd7 13. Be3 Bb6 14. Bxb6 cxb6
15. Nh2 g5 16. Nh5 Nh7 17. Ng4 f5 18. exf5 Bxf5 19. Nxh6+ Kh8 20. Nxf5 Qxf5 21.
Ng3 Qe6 22. d4 Rf4 23. dxe5 dxe5 24. Rae1 Re8 25. Qe3 g4 26. Ne2 Rf6 27. h4 Qf5
28. Qc3 Qh5 29. g3 Ree6 30. Nf4 Rxf4 31. gxf4 Qxh4 32. Rxe5 Rf6 33. Rfe1 Nf8
34. Rh5+ Qxh5 35. Qxf6+ Kg8 36. Re5 1-0

[Event "6. Bayer Open"]
[Site "Leverkusen"]
[Date "2009.04.06"]
[Round "6"]
[White "Kolleck, Wolf-Dietrich"]
[Black "Weinmann-Musset, Manfred"]
[Result "1-0"]
[WhiteElo "1524"]
[BlackElo "1893"]
[PlyCount "93"]
[EventDate "2009.??.??"]
[SourceDate "2009.01.13"]

1. d4 f5 2. g3 Nf6 3. Bg2 c6 4. Nc3 d6 5. Nh3 Qc7 6. Bg5 Ne4 7. Bc1 g6 8. e3
Bg7 9. Nf4 e5 10. Nfe2 O-O 11. Nxe4 fxe4 12. Bxe4 Nd7 13. O-O Nf6 14. Bg2 Be6
15. c3 Rad8 16. b3 Qc8 17. Bb2 h5 18. h4 Ng4 19. Qc2 Rf6 20. Bc1 Rdf8 21. f3
Nh6 22. Kh1 Nf7 23. Bd2 g5 24. hxg5 Nxg5 25. f4 Nf7 26. fxe5 Rh6 27. e4 Rh7 28.
Nf4 h4 29. Kh2 hxg3+ 30. Kxg3 dxe5 31. Ng6 Re8 32. Rh1 exd4 33. Rxh7 Kxh7 34.
e5 Kg8 35. cxd4 Bf5 36. Be4 Bh3 37. Qd1 Be6 38. Qh5 Qd8 39. Be3 Bd5 40. Rh1
Nxe5 41. Qh7+ Kf7 42. Nxe5+ Ke6 43. Qg6+ Bf6 44. Bxd5+ Kxd5 45. Qf5 Bxe5+ 46.
dxe5 Rg8+ 47. Kf3 1-0

[Event "6. Bayer Open"]
[Site "Leverkusen"]
[Date "2009.04.06"]
[Round "6"]
[White "Blomeyer, Peter"]
[Black "van Kempen, Susanne"]
[Result "1-0"]
[WhiteElo "1882"]
[BlackElo "1612"]
[PlyCount "101"]
[EventDate "2009.??.??"]
[SourceDate "2009.01.13"]

1. c4 e5 2. Nc3 Nf6 3. g3 c6 4. d3 d5 5. cxd5 cxd5 6. Bg2 Bb4 7. a3 Ba5 8. b4
Bc7 9. Nf3 O-O 10. O-O Nc6 11. Bg5 Be6 12. Rc1 Rc8 13. Bd2 h6 14. Na4 Nd7 15.
b5 Ne7 16. Bb4 Re8 17. Qd2 d4 18. Nb2 Nd5 19. Nc4 Nxb4 20. Qxb4 Qe7 21. Qxe7
Rxe7 22. Nd6 Bxd6 23. Rxc8+ Nf8 24. Ra8 b6 25. Ra1 f6 26. Nd2 Kf7 27. Nc4 Bc5
28. Rb8 Ng6 29. Rb7 f5 30. Rxe7+ Kxe7 31. Bc6 e4 32. Kf1 Bxc4 33. dxc4 Ne5 34.
Bd5 Kd6 35. h3 Nd7 36. f4 Nf6 37. Bc6 a5 38. a4 Ng8 39. Rd1 Ne7 40. Be8 Ke6 41.
Kg2 Nc8 42. g4 Nd6 43. Bg6 Nxc4 44. Bxf5+ Kf6 45. Rc1 Ne3+ 46. Kg3 Nxf5+ 47.
gxf5 Kxf5 48. Rxc5+ bxc5 49. b6 d3 50. exd3 exd3 51. Kf2 1-0

[Event "6. Bayer Open"]
[Site "Leverkusen"]
[Date "2009.04.06"]
[Round "6"]
[White "Bosbach, Jens"]
[Black "Jakobi, Reik"]
[Result "1/2-1/2"]
[WhiteElo "1844"]
[BlackElo "1634"]
[PlyCount "97"]
[EventDate "2009.??.??"]
[SourceDate "2009.01.13"]

1. d4 d5 2. Nf3 Nf6 3. e3 e6 4. Nbd2 Nbd7 5. Bd3 Bd6 6. O-O O-O 7. b3 Qe7 8.
Bb2 e5 9. dxe5 Nxe5 10. Nxe5 Bxe5 11. Bxe5 Qxe5 12. h3 Ne4 13. Nxe4 dxe4 14.
Bc4 Be6 15. Qe2 Bxc4 16. Qxc4 c5 17. Rad1 Rfd8 18. a4 b6 {
Schwarz bietet Remis an.} 19. a5 g6 20. Qa4 Qe8 21. Qc4 Qe5 22. Qb5 Qe6 23. Qa4
Kg7 24. Qa1+ Qf6 25. Qa4 Qe6 26. Rfe1 f5 27. Kf1 Kf6 28. Ke2 Ke7 29. Qa1 Qf6
30. Qxf6+ Kxf6 31. axb6 axb6 32. Rxd8 Rxd8 33. Ra1 h5 34. h4 Rd6 35. Ra8 Ke5
36. g3 Kd5 37. Rc8 Ke5 38. Re8+ Re6 39. Rxe6+ Kxe6 40. Kd2 Ke5 41. c4 Kd6 42.
Kc3 Kc6 43. Kb2 b5 44. Ka3 b4+ 45. Kb2 Kd6 46. Kc2 Ke5 47. Kd2 Kf6 48. Ke2 Ke5
49. Kf1 1/2-1/2

[Event "6. Bayer Open"]
[Site "Leverkusen"]
[Date "2009.04.06"]
[Round "6"]
[White "Scharff, Klaus"]
[Black "Müller, Tim"]
[Result "1-0"]
[WhiteElo "1863"]
[BlackElo "1609"]
[PlyCount "81"]
[EventDate "2009.??.??"]
[SourceDate "2009.01.13"]

1. d4 d5 2. c4 e6 3. Nc3 Nf6 4. Bg5 Be7 5. e3 O-O 6. Nf3 c6 7. Bd3 Nbd7 8. O-O
h6 9. Bh4 b6 10. Re1 dxc4 11. Bxc4 Bb7 12. e4 Ne8 13. Bxe7 Qxe7 14. d5 e5 15.
Qd2 Nd6 16. Bb3 c5 17. h3 c4 18. Bc2 Nc5 19. Nh2 Bc8 20. f4 f6 21. f5 Bd7 22.
Re3 Kh7 23. Rg3 Rg8 24. Re1 Qf7 25. Rg6 Qf8 26. h4 Be8 27. h5 Rh8 28. b4 cxb3
29. axb3 Qe7 30. Nf3 Bxg6 31. fxg6+ Kg8 32. b4 Ncb7 33. Ba4 a6 34. Nh4 b5 35.
Bb3 Qd7 36. Nf5 Nxf5 37. d6+ Kf8 38. exf5 Qxf5 39. Nd5 Rd8 40. Rd1 Ke8 41. Qc3
{Schwarz überschritt die Zeit.} 1-0

[Event "6. Bayer Open"]
[Site "Leverkusen"]
[Date "2009.04.06"]
[Round "6"]
[White "Böhm, Stefan"]
[Black "Gülden, Ralf"]
[Result "1/2-1/2"]
[WhiteElo "1976"]
[BlackElo "1636"]
[PlyCount "64"]
[EventDate "2009.??.??"]
[SourceDate "2009.01.13"]

1. d4 Nf6 2. c4 e6 3. Nc3 Bb4 4. Qc2 c5 5. dxc5 Bxc5 6. Nf3 O-O 7. Bg5 h6 8.
Bh4 Nc6 9. a3 Be7 10. e4 d6 11. Be2 a6 12. O-O e5 13. Rfd1 Bg4 14. Ne1 Nd4 15.
Qd3 Nxe2+ 16. Nxe2 Ne8 17. Bg3 Qb6 18. Rd2 Bg5 19. Rc2 f5 20. c5 dxc5 21. Qd5+
Kh8 22. f3 fxe4 23. Bf2 exf3 24. gxf3 Qf6 25. Rxc5 Bxf3 26. Qxe5 Bc6 27. Qxf6
Nxf6 28. Ng3 Ne4 29. Rxc6 Nxf2 30. Rc7 Nh3+ 31. Kg2 Nf4+ 32. Kg1 Nh3+ 1/2-1/2

[Event "6. Bayer Open"]
[Site "Leverkusen"]
[Date "2009.04.06"]
[Round "6"]
[White "Remmler, Dirk"]
[Black "Seelig, Jochen"]
[Result "*"]
[WhiteElo "1747"]
[BlackElo "1392"]
[PlyCount "63"]
[EventDate "2009.??.??"]
[SourceDate "2009.01.13"]

1. e4 b6 2. d4 Bb7 3. Bd3 Nf6 4. Qe2 e6 5. Nf3 d5 6. e5 Ne4 7. O-O Be7 8. Nbd2
Nxd2 9. Bxd2 Nd7 10. Kh1 c5 11. c3 c4 12. Bc2 b5 13. a3 a5 14. Ng1 g5 15. Qh5
Nf8 16. Ne2 Ng6 17. f4 gxf4 18. Nxf4 Kd7 19. Nh3 Qg8 20. Bg5 Bxg5 21. Nxg5 Rf8
22. Rf2 h6 23. Nh3 Qg7 24. Raf1 Rhg8 25. g3 Ke7 26. Rf6 Bc6 27. Kg1 a4 28. Nf4
Nxf4 29. R1xf4 Rh8 30. Rg4 Qxf6 31. exf6+ Kxf6 32. Qh4# *

[Event "6. Bayer Open"]
[Site "Leverkusen"]
[Date "2009.04.06"]
[Round "6"]
[White "van Schyndel, Andreas"]
[Black "von Oppenkowski, Roman"]
[Result "1-0"]
[WhiteElo "1672"]
[BlackElo "1365"]
[PlyCount "59"]
[EventDate "2009.??.??"]
[SourceDate "2009.01.13"]

1. d4 d5 2. c4 e6 3. Nc3 Nf6 4. Bg5 Be7 5. cxd5 exd5 6. e3 Bf5 7. Qb3 b6 8.
Bxf6 Bxf6 9. Nxd5 c6 10. Nxf6+ Qxf6 11. Nf3 Nd7 12. Rc1 Be4 13. Be2 O-O 14. O-O
Rac8 15. Nd2 Bd5 16. Qa3 a5 17. Rfd1 Qg6 18. Bf3 Bxf3 19. Nxf3 Qe4 20. Qd3 Qd5
21. a4 Rfe8 22. Nd2 f5 23. Qc4 Qxc4 24. Nxc4 Re6 25. Rc3 g6 26. Rb3 Rb8 27. f3
Kg7 28. d5 cxd5 29. Rxd5 Nc5 30. Rxc5 1-0

[Event "6. Bayer Open"]
[Site "Leverkusen"]
[Date "2009.04.06"]
[Round "6"]
[White "Fröhling, Ewald"]
[Black "Runte, Dirk"]
[Result "1/2-1/2"]
[WhiteElo "1607"]
[BlackElo "1610"]
[PlyCount "99"]
[EventDate "2009.??.??"]
[SourceDate "2009.01.13"]

1. e4 d6 2. d4 Nf6 3. Nc3 g6 4. Nf3 Bg7 5. h3 c6 6. Be3 b5 7. a3 a6 8. Qd2 Bb7
9. Bh6 O-O 10. Bxg7 Kxg7 11. Bd3 a5 12. O-O b4 13. axb4 axb4 14. Ne2 c5 15. Qe3
Qc7 16. Rxa8 Bxa8 17. c4 Qa5 18. d5 Qa2 19. e5 Nxd5 20. cxd5 Bxd5 21. Nf4 Bxf3
22. Qxf3 Qxb2 23. exd6 exd6 24. Qd5 Qe5 25. Qxe5+ dxe5 26. Nd5 Rd8 27. Bc4 Nd7
28. Ra1 Nf6 29. Nxf6 Kxf6 30. Ra6+ Ke7 31. Rc6 Rd1+ 32. Kh2 Rc1 33. Rxc5 b3 34.
Rxe5+ Kf6 35. Re4 b2 36. Bd3 b1=Q 37. Bxb1 Rxb1 {Schwarz bietet Remis an} 38.
Kg3 h6 39. f3 Rb5 40. h4 Re5 41. Rxe5 Kxe5 42. Kf2 h5 43. g3 f6 44. Ke3 Ke6 45.
Kd4 g5 46. hxg5 fxg5 47. Ke3 h4 48. gxh4 gxh4 49. Kf2 Kf5 50. Kg2 1/2-1/2

[Event "6. Bayer Open"]
[Site "Leverkusen"]
[Date "2009.03.30"]
[Round "6"]
[White "Liebsch, Felix"]
[Black "Neumann, Thomas"]
[Result "0-1"]
[WhiteElo "1233"]
[BlackElo "1567"]
[PlyCount "52"]
[EventDate "2009.??.??"]
[SourceDate "2009.01.13"]

1. e4 c5 2. c3 Nc6 3. d4 cxd4 4. cxd4 d6 5. Nf3 Bg4 6. Be3 Qa5+ 7. Qd2 Qxd2+ 8.
Nbxd2 a6 9. Rc1 Rc8 10. a3 Nf6 11. h3 Bxf3 12. Nxf3 Nxe4 13. Bd3 Nf6 14. O-O e6
15. Rc2 Be7 16. Rfc1 Kd7 17. Bg5 h6 18. Bxf6 Bxf6 19. d5 Ne7 20. dxe6+ fxe6 21.
Nd2 Bxb2 22. Rxc8 Rxc8 23. Rb1 Rc1+ 24. Rxc1 Bxc1 25. Nc4 b5 26. Ne3 Bxa3 0-1

[Event "6. Bayer Open"]
[Site "Leverkusen"]
[Date "2009.04.06"]
[Round "6"]
[White "Buchfelder, Gerhard"]
[Black "Kayser, Manfred"]
[Result "0-1"]
[WhiteElo "1455"]
[BlackElo "1314"]
[PlyCount "82"]
[EventDate "2009.??.??"]
[SourceDate "2009.01.13"]

1. e4 c5 2. Nc3 e6 3. f4 Nc6 4. Nf3 d6 5. Bb5 Bd7 6. O-O Nge7 7. d3 a6 8. Bxc6
Bxc6 9. Qe1 g6 10. Qg3 Bg7 11. Bd2 O-O 12. Rab1 f5 13. e5 d5 14. Qh3 Qd7 15.
Ng5 h6 16. Nf3 Kf7 17. Qg3 Rh8 18. Qf2 d4 19. Ne2 Bxf3 20. Qxf3 Qd5 21. c3 Qxf3
22. Rxf3 Rad8 23. cxd4 cxd4 24. Rc1 Nc6 25. Rc4 Rd7 26. Rf1 Rhd8 27. Rfc1 Bf8
28. b4 Rd5 29. a4 Be7 30. Rb1 Na7 31. Rc7 R8d7 32. Rbc1 Bd8 33. Rxd7+ Rxd7 34.
Rc4 Nc6 35. Kf1 Bb6 36. b5 axb5 37. axb5 Na7 38. Rb4 Rd5 39. Bc1 Nxb5 40. Bb2
Ke7 41. Ke1 Ba5 0-1

[Event "6. Bayer Open"]
[Site "Leverkusen"]
[Date "2009.04.06"]
[Round "6"]
[White "Schmidt, Werner"]
[Black "Reiter, Ute"]
[Result "1-0"]
[WhiteElo "1435"]
[BlackElo "1145"]
[PlyCount "39"]
[EventDate "2009.??.??"]
[SourceDate "2009.01.13"]

1. e4 e5 2. Bc4 Nf6 3. Nc3 b6 4. a3 Bb7 5. d3 Nc6 6. Nf3 Bc5 7. O-O a5 8. Ng5
d5 9. exd5 Ne7 10. d6 Ned5 11. dxc7 Qxc7 12. Nxd5 Nxd5 13. Qf3 Nf6 14. Bxf7+
Ke7 15. Qe2 h6 16. Ne6 Qc6 17. Nf4 Kxf7 18. Qxe5 Bd6 19. Qe6+ Kf8 20. Ng6# 1-0

[Event "6. Bayer Open"]
[Site "Leverkusen"]
[Date "2009.04.06"]
[Round "6"]
[White "Teuber, Alfons"]
[Black "Hoeper, Heinz-Joachim"]
[Result "1/2-1/2"]
[WhiteElo "1108"]
[BlackElo "1402"]
[PlyCount "110"]
[EventDate "2009.??.??"]
[SourceDate "2009.01.13"]

1. e4 e5 2. Bc4 Nf6 3. Nc3 Bc5 4. Nf3 d6 5. h3 Be6 6. Qe2 Nc6 7. d3 Bxc4 8.
dxc4 Bb4 9. Bd2 Nd4 10. Nxd4 exd4 11. Nd5 Bxd2+ 12. Qxd2 c5 13. f3 Nd7 14. b4
Qh4+ 15. Qf2 Qxf2+ 16. Kxf2 O-O-O 17. b5 Ne5 18. b6 a6 19. Ne7+ Kd7 20. Nd5
Nxc4 21. Ke2 Rhe8 22. c3 dxc3 23. Nxc3 Nxb6 24. Rab1 Kc6 25. Rb2 d5 26. Rhb1
Nc4 27. Rxb7 dxe4 28. Nxe4 f5 29. Rxg7 fxe4 30. Rxh7 exf3+ 31. Kf2 fxg2 32.
Rh6+ Rd6 33. Rxd6+ Nxd6 34. Kxg2 Re2+ 35. Kf3 Rxa2 36. Rh1 c4 37. h4 Rb2 38. h5
c3 39. Rc1 Nb5 40. Rh1 Nd4+ 41. Ke3 Ne2 42. h6 c2 43. h7 Rb8 44. Kxe2 Rh8 45.
Kd2 Kb5 46. Kxc2 Kb4 47. Rb1+ Kc5 48. Rb7 Ra8 49. Kb3 a5 50. Ka4 Rh8 51. Rg7
Kb6 52. Rg6+ Kc7 53. Rg7+ Kb6 54. Rg6+ Kc7 55. Rg7+ Kb6 1/2-1/2

[Event "6. Bayer Open"]
[Site "Leverkusen"]
[Date "2009.04.20"]
[Round "7"]
[White "Khanukov, Boris"]
[Black "Auer, Martin"]
[Result "0-1"]
[WhiteElo "2361"]
[BlackElo "2242"]
[PlyCount "92"]
[EventDate "2009.??.??"]
[SourceDate "2009.01.13"]

1. d4 Nf6 2. c4 e6 3. Nf3 Nc6 4. Nc3 Bb4 5. Bd2 d5 6. e3 O-O 7. Bd3 dxc4 8.
Bxc4 a6 9. O-O Bd6 10. e4 e5 11. d5 Ne7 12. Re1 Ng6 13. Bf1 h6 14. Rc1 b5 15.
a3 Bd7 16. Na2 a5 17. Nc3 Qb8 18. a4 b4 19. Nb5 Rc8 20. b3 Bf8 21. Rc4 c6 22.
dxc6 Bxc6 23. Qc2 Qb7 24. Bd3 Ne8 25. Rc1 Bd7 26. Nc7 Nd6 27. Nxa8 Nxc4 28.
Bxc4 Qxa8 29. Be3 Be6 30. Nd2 Be7 31. Qb1 Bxc4 32. Nxc4 Bc5 33. Bxc5 Rxc5 34.
Rd1 Nf4 35. Kf1 Qc8 36. f3 Rxc4 37. bxc4 Qxc4+ 38. Kg1 Ne2+ 39. Kf2 Nc3 40.
Rd8+ Kh7 41. Qd3 Qa2+ 42. Kf1 Qa1+ 43. Kf2 Qxa4 44. Qd7 Qxd7 45. Rxd7 b3 46.
Rb7 b2 0-1

[Event "6. Bayer Open"]
[Site "Leverkusen"]
[Date "2009.04.20"]
[Round "7"]
[White "Brinkmann, Sven"]
[Black "Kniest, Oliver"]
[Result "1/2-1/2"]
[WhiteElo "1896"]
[BlackElo "2213"]
[PlyCount "59"]
[EventDate "2009.??.??"]
[SourceDate "2009.01.13"]

1. e4 e6 2. d4 d5 3. exd5 exd5 4. Bd3 Nc6 5. Ne2 Bd6 6. c3 Nge7 7. O-O Ng6 8.
Ng3 Qh4 9. Qh5 Bxg3 10. Qe2+ Be5 11. dxe5 Nf4 12. Bxf4 Qxf4 13. g3 Qg5 14. f4
Qe7 15. Nd2 h5 16. Nf3 Bg4 17. Qf2 Bxf3 18. Qxf3 O-O-O 19. b4 Kb8 20. Bb5 Qe6
21. Bxc6 Qxc6 22. Rad1 h4 23. g4 Qc4 24. Rf2 h3 25. Rd4 Qc6 26. Rfd2 Qg6 27.
Rxd5 Rxd5 28. Rxd5 c6 29. f5 Qg5 30. Rd7 1/2-1/2

[Event "6. Bayer Open"]
[Site "Leverkusen"]
[Date "2009.04.20"]
[Round "7"]
[White "Peschel, Andreas"]
[Black "Hirth, Ulrich"]
[Result "0-1"]
[WhiteElo "2084"]
[BlackElo "2089"]
[PlyCount "84"]
[EventDate "2009.??.??"]
[SourceDate "2009.01.13"]

1. Nf3 d5 2. g3 c6 3. Bg2 Bf5 4. O-O e6 5. d3 Be7 6. Nbd2 Nf6 7. c3 h6 8. Qa4
Nbd7 9. b4 a5 10. bxa5 Rxa5 11. Qc2 O-O 12. c4 Qa8 13. Nb3 Ra4 14. cxd5 cxd5
15. Bb2 Rc8 16. Qb1 Nb6 17. Nfd2 Nc4 18. e4 Nxd2 19. Nxd2 dxe4 20. Nxe4 Nd5 21.
Be5 f6 22. Nd6 Bxd6 23. Bxd6 Rd4 24. Qb2 Rxd3 25. Rfd1 Rxd1+ 26. Rxd1 Rc2 27.
Qd4 Qxa2 28. g4 Bg6 29. Re1 Nc3 30. Bf1 Ne2+ 31. Bxe2 Rxe2 32. Ra1 Qd5 33. Qxd5
exd5 34. Kg2 Be4+ 35. Kg3 d4 36. Bc5 d3 37. Be3 g5 38. Ra4 Bc6 39. Rd4 Re1 40.
Bd2 Rg1+ 41. Kh3 Bf3 42. Bc3 Be2 0-1

[Event "6. Bayer Open"]
[Site "Leverkusen"]
[Date "2009.10.04"]
[Round "7"]
[White "Reinemer, Frank"]
[Black "Axmann, Michael"]
[Result "1-0"]
[WhiteElo "2151"]
[BlackElo "1687"]
[PlyCount "60"]
[EventDate "2009.??.??"]
[SourceDate "2009.01.13"]

1. d4 d5 2. c4 e6 3. Nc3 Nf6 4. cxd5 exd5 5. Bg5 c6 6. Qc2 Nbd7 7. e3 h6 8. Bf4
Be7 9. Bd3 O-O 10. h3 Bb4 11. Nge2 Re8 12. O-O-O Qe7 13. Ng3 Nf8 14. Be5 a5 15.
Na4 b5 16. Nb6 Ra6 17. Nxc8 Rxc8 18. a3 Bxa3 19. bxa3 Qxa3+ 20. Qb2 Qxb2+ 21.
Kxb2 N8d7 22. Nf5 Kh8 23. Rc1 c5 24. Nd6 Rf8 25. Bxb5 Ra7 26. Bxf6 Nxf6 27.
dxc5 Rb8 28. Ka3 Ne4 29. Nxe4 Rxb5 30. Nd6 Rb4 1-0

[Event "6. Bayer Open"]
[Site "Leverkusen"]
[Date "2009.04.20"]
[Round "7"]
[White "Gerdau, Andreas"]
[Black "Wolfradt, Dirk"]
[Result "1/2-1/2"]
[WhiteElo "1883"]
[BlackElo "2078"]
[PlyCount "34"]
[EventDate "2009.??.??"]
[SourceDate "2009.01.13"]

1. e4 Nf6 2. e5 Nd5 3. Nc3 Nxc3 4. bxc3 d5 5. d4 Bf5 6. Nf3 c5 7. Bd3 Bxd3 8.
Qxd3 c4 9. Qe2 e6 10. O-O Qa5 11. Bd2 Be7 12. h3 b5 13. Nh2 Nd7 14. f4 g6 15.
f5 gxf5 16. Qh5 Qb6 17. Kh1 Nf8 1/2-1/2